ARRUPE JESUIT UNIVERSITY

CORONAVIRUS -STOP THE SPREAD - CLEAN,DISINFECT,COVER

General J. B. M. Hertzog, (Record no. 170)

MARC details
000 -LEADER
fixed length control field 00706nam a2200193u 4500
001 - CONTROL NUMBER
control field 6007161
005 - DATE AND TIME OF LATEST TRANSACTION
control field 20170529115708.0
008 - FIXED-LENGTH DATA ELEMENTS--GENERAL INFORMATION
fixed length control field 821218s1946 sa c 000 0beng
010 ## - LIBRARY OF CONGRESS CONTROL NUMBER
LC control number 47018288
040 ## - CATALOGING SOURCE
Original cataloging agency DLC
Transcribing agency CarP
Modifying agency DLC
050 00 - LIBRARY OF CONGRESS CALL NUMBER
Classification number DT779.8.H4
Item number H4 1946
100 1# - MAIN ENTRY--PERSONAL NAME
Personal name Heever, Christiaan Maurits van den,
Dates associated with a name 1902- [from old catalog]
9 (RLIN) 31420
245 00 - TITLE STATEMENT
Title General J. B. M. Hertzog,
260 ## - PUBLICATION, DISTRIBUTION, ETC. (IMPRINT)
Place of publication, distribution, etc Johannesburg,
Name of publisher, distributor, etc Printed by the A. P. B. bookstore,
Date of publication, distribution, etc 1946.
300 ## - PHYSICAL DESCRIPTION
Extent 4 p.
Other physical details l., 298, [6] p. front., ports.
Dimensions 25 cm.
600 10 - SUBJECT ADDED ENTRY--PERSONAL NAME
Personal name Hertzog, James Barry Munnik,
Dates associated with a name 1866-1942. [from old catalog]
9 (RLIN) 31421
906 ## - LOCAL DATA ELEMENT F, LDF (RLIN)
a 0
b cbc
c premunv
d u
e ncip
f 19
g y-gencatlg
942 ## - ADDED ENTRY ELEMENTS (KOHA)
Source of classification or shelving scheme Library of Congress Classification
Item type Monograph ( Printed materials)
Holdings
Withdrawn status Lost status Source of classification or shelving scheme Damaged status Not for loan Collection code Home library Current library Shelving location Date acquired Total Checkouts Full call number Barcode Date last seen Copy number Price effective from Koha item type
    Library of Congress Classification     Main Collection ARRUPE LIBRARY ARRUPE LIBRARY   27/02/2013   DT1927.H47H459 46400448 07/12/2017 1 27/02/2013 Monograph ( Printed materials)

 

Arrupe Library. PO Box MP320 Mt Pleasant, Harare, Zimbabwe
263 242 745411|librarian@aju.ac.zw